200. výročie uzavretia Bratislavského mieru
Národná banka Slovenska (NBS) vydala pamätnú mincu v hodnote 200 Sk pri príležitosti 200. výročia uzavretia Bratislavského mieru. NBS vyhlásila anonymnú súťaž na výtvarný návrh pamätnej mince. Výherca súťaže.
Guardado en:
| Autor principal: | |
|---|---|
| Formato: | Capítulo de libro |
| Lenguaje: | eslovaco |
| Materias: | |
| Etiquetas: |
Sin Etiquetas, Sea el primero en etiquetar este registro!
|
MARC
| LEADER | 00000naa$a2200000$$$4500 | ||
|---|---|---|---|
| 001 | 0038463 | ||
| 005 | 20231116082750.7 | ||
| 041 | 0 | |a slo | |
| 044 | |a SK | ||
| 245 | 1 | 0 | |a 200. výročie uzavretia Bratislavského mieru |c Dagmar Flaché |
| 520 | |a Národná banka Slovenska (NBS) vydala pamätnú mincu v hodnote 200 Sk pri príležitosti 200. výročia uzavretia Bratislavského mieru. NBS vyhlásila anonymnú súťaž na výtvarný návrh pamätnej mince. Výherca súťaže. | ||
| 610 | 2 | 0 | |a mince |
| 610 | 2 | 0 | |a emisia |
| 610 | 2 | 0 | |a vojny |
| 610 | 2 | 0 | |a Bratislavský mier |
| 610 | 2 | 0 | |a NBS Bratislava |
| 100 | 1 | |a Flaché, Dagmar | |